Research and reports in forensic medical science

Bibliographic Details
Format: Electronic Journal
Language:English
Published: Auckland, New Zealand : Dove Medical Press
Subjects:
Online Access:Full text available from Research Library: 01/01/2011 to present

MARC

LEADER 00000nas a2200000 a 4500
001 ssj0000605730
003 WaSeSS
005 20200512172242.0
006 m d
007 cr n
008 110809c20119999nz u| p|s|||||| |0eng d
035 |a (WaSeSS)ssj0000605730 
040 |a WaSeSS  |c WaSeSS  |d WaSeSS 
050 4 |a RA1001 
245 0 0 |a Research and reports in forensic medical science  |h [electronic resource]. 
246 1 |a Journal of research and reports in forensic medical science 
260 |a Auckland, New Zealand :  |b Dove Medical Press 
362 1 |a Began with Volume 1 (2011). 
506 |a License restrictions may limit access. 
588 |a Description based on: Volume 1 (2011); title from title screen (Dovepress, viewed August 09, 2011). 
588 |a Latest issue consulted: Volume 1 (2011) (viewed August 09,2011). 
650 0 |a Forensic sciences  |v Periodicals. 
650 0 |a Forensic sciences  |x Research  |v Periodicals. 
650 0 |a Medical jurisprudence  |v Periodicals. 
650 0 |a Medical jurisprudence  |x Research  |v Periodicals. 
655 0 |a Electronic journals. 
776 0 8 |i Print version:  |t Research and reports in forensic medical science  |x 2230-2476 
856 4 0 |z Full text available from Research Library: 01/01/2011 to present  |u https://search.proquest.com/publication/3933286